logo

Bir Sreshtho Munshi Abdur Rouf Library
Jhenaidah Cadet College

ইনটিগ্যাল ক্যালকুলাস ও ডিফারেনসিয়াল সমীকরণ / (Record no. 6490)

MARC details
000 -LEADER
fixed length control field 00926nam a2200229 a 4500
001 - CONTROL NUMBER
JCCL Control Number 6490
003 - CONTROL NUMBER IDENTIFIER
JCCL marc code BD-JhCC
005 - DATE AND TIME OF LATEST TRANSACTION
control field 20180217193207.0
008 - FIXED-LENGTH DATA ELEMENTS--GENERAL INFORMATION
fixed length control field 180124s1979 bg |||| ||a| 000 0 ben d
035 ## - SYSTEM CONTROL NUMBER
system control number (BD-JhCC)6490
040 ## - CATALOGING SOURCE
Original cataloging agency BD-JhCC
Modifying agency BD-JhCC
041 ## - LANGUAGE CODE
Language code of Book ben
082 ## - DEWEY DECIMAL CLASSIFICATION NUMBER
Classification number 515.63
Author mark and Year JAB 1979
100 ## - MAIN ENTRY--PERSONAL NAME
Personal name জব্বার, মোহাম্মদ আবদুল
245 ## - TITLE STATEMENT
Title ইনটিগ্যাল ক্যালকুলাস ও ডিফারেনসিয়াল সমীকরণ /
Statement of responsibility, etc মোহাম্মদ আবদুল জব্বার এবং মোহাম্মদ আবদুল খালেক হাজরা
260 ## - PUBLICATION, DISTRIBUTION, ETC. (IMPRINT)
Place of publication, distribution, etc ঢাকা :
Name of publisher, distributor, etc বাংলা একােডেমি,
Date of publication, distribution, etc 1979
300 ## - PHYSICAL DESCRIPTION
Pagination 678 p. :
Dimensions 21 cm.
650 ## - SUBJECT ADDED ENTRY--TOPICAL TERM
Topical term or geographic name as entry element Calculus
700 ## - ADDED ENTRY--PERSONAL NAME
Personal name হাজরা, মোহাম্মদ আবদুল খালেক
942 ## - ADDED ENTRY ELEMENTS (KOHA)
Source of classification or shelving scheme Dewey Decimal Classification
Koha item type Books
Holdings
Source of classification or shelving scheme Damaged status Not for loan Home library Current library Shelving location Date of accession Cost, normal purchase price Total Checkouts Full call number Barcode Date last seen Copy number Koha item type
Dewey Decimal Classification     JCC Rouf Library JCC Rouf Library General Stacks 01/24/2018 50.00   515.63 JAB 1979 8829 01/24/2018 C-1 Books

JCC Library | Contacts | JCC Home

Last Update on 23 September 2017
Copyright @ 2017-2020 JCC Rouf Library
Rouf Library, Jhenidah Cadet College (JCC), Bangladesh